00298nam a2200121Ia 4500008004100000041000800041100001100049245003500060260003000095300000900125520001200134650003000146230818s2004 xx 000 0 und d aeng aWalton aThe ultimate book of cocktails bHermes House londonc2004 a256p aGeneral aFood and Beverage service